000 01529nam a2200373 i 4500
001 bg
003 BPK
005 20210323133027.0
008 980627s1997 pl a f |000 0 pol
015 _aPB 1999/1455
020 _a838612380X
040 _aWA N
_cBPK
080 _a661.183.2
080 _a628.1
080 _a544.723
080 _a532
080 _a519.86
080 _a004.94
100 1 _aAdamski, Wojciech
_d(1950- )
_eAutor
245 1 0 _aModele pracy biologicznie aktywnych złóż sorpcyjnych w oczyszczaniu wody /
_cWojciech Adamski.
260 _aKoszalin :
_bWydaw. Uczelniane PK,
_c1997.
300 _a105 s. :
_brys., wykr. ;
_c24 cm.
490 1 _aMonografia Wydziału Budownictwa i Inżynierii Środowiska / Politechnika Koszalińska.
500 _aISSN 0239-7129 oraz nr 61 odnosi się do pierwotnego tyt. serii: Monografie / Wyższa Szkoła Inżynierska w Koszalinie.
504 _aBibliogr. s. 99-102.
650 4 _aUzdatnianie wody
650 4 _aWęgiel aktywny
_xstosowanie.
650 4 _aZłoże biologiczne
710 2 _aPolitechnika Koszalińska.
_bWydawnictwo Uczelniane.
_4pbl.
830 0 _aMonografia Wydziału Budownictwa i Inżynierii Środowiska - Politechnika Koszalińska
856 _uhttp://koha.tu.koszalin.pl/cgi-bin/koha/opac-detail.pl?biblionumber=31276
_yKatalog online BPK
856 _uhttp://dlibra.tu.koszalin.pl/dlibra/docmetadata?id=454&from=&dirids=1&ver_id=&lp=1&QI=
_yBiblioteka Cyfrowa
942 _2UKD
_cKS
999 _c31276
_d31276